00633nam a2200169Ia 4500003000400000008004100004020001500045040001600060082001900076100001900095245012600114260003500240300002800275650005200303650005200355650005600407GCL140319s9999 xx 000 0 eng d a0380713004 aGCL / cGCL04a327.41056bF P1 aFROMKIN, DAVID10aA PEACE TO END ALL PEACE : bTHE FALL OF THE OTTOMAN EMPIRE AND THE CREATION OF THE MODERN MIDDLE EAST / cFROMKIN, DAVID a[S.N] : bAVON BOOKS ، c1990 a635 PbILL. ؛ c20 cm.04aGREAT BRITAIN - FOREIGN RELATIONS - MIDDLE EAST04aMIDDLE EAST - FOREIGN RELATIONS - GREAT BRITAIN04aMIDDLE EAST - POLITICS AND GOVERNMENT - 1914 - 1945